Zhuan Falun : (Record no. 125228)

MARC details
000 -LEADER
fixed length control field 00786nam a22002537a 4500
003 - CONTROL NUMBER IDENTIFIER
control field dpl
005 - DATE AND TIME OF LATEST TRANSACTION
control field 20180810112803.0
008 - FIXED-LENGTH DATA ELEMENTS--GENERAL INFORMATION
fixed length control field 180810b xxu||||| |||| 00| 0 eng d
010 ## - LIBRARY OF CONGRESS CONTROL NUMBER
LC control number B-027315
020 ## - INTERNATIONAL STANDARD BOOK NUMBER
Terms of availability 120.00
International Standard Book Number 81702110147
035 ## - SYSTEM CONTROL NUMBER
System control number B-027315, B-027314
037 ## - SOURCE OF ACQUISITION
Source of stock number/acquisition Cen Lib/Ret
040 ## - CATALOGING SOURCE
Original cataloging agency DPL
Language of cataloging EN
Transcribing agency 0
082 ## - DEWEY DECIMAL CLASSIFICATION NUMBER
Classification number 250
Item number LIH
100 ## - MAIN ENTRY--PERSONAL NAME
Personal name Li Hongzhi
9 (RLIN) 13439
245 ## - TITLE STATEMENT
Title Zhuan Falun :
Statement of responsibility, etc by Li Hongzhi
Remainder of title english version /
260 ## - PUBLICATION, DISTRIBUTION, ETC. (IMPRINT)
Place of publication, distribution, etc New Delhi
Name of publisher, distributor, etc B.Jain publishers
Date of publication, distribution, etc 1999
270 ## - ADDRESS
Address 1921,street no.10,Chuna mandi Paharganj
City New Delhi
Postal code 110055
300 ## - PHYSICAL DESCRIPTION
Extent 399p.
Dimensions 20cm(Hb)
500 ## - GENERAL NOTE
General note Includes glossary
650 ## - SUBJECT ADDED ENTRY--TOPICAL TERM
Topical term or geographic name as entry element Exercise -- Religious aspects -- Buddhism
9 (RLIN) 13440
650 ## - SUBJECT ADDED ENTRY--TOPICAL TERM
Topical term or geographic name as entry element Spiritual exercises
9 (RLIN) 73196
942 ## - ADDED ENTRY ELEMENTS (KOHA)
Source of classification or shelving scheme Dewey Decimal Classification
Koha item type English Books
Classification part 250
Call number suffix LIH
Holdings
Withdrawn status Lost status Damaged status Not for loan Home library Current library Date acquired Source of acquisition Cost, normal purchase price Total Checkouts Full call number Barcode Date last seen Copy number Cost, replacement price Price effective from Koha item type Source of classification or shelving scheme Collection code Total Renewals Date checked out
        Central Library Central Library 20/06/2015 Cen Lib/Ret 0.00   250 LIH B-027315 20/06/2015 1 0.00 20/06/2015 English Books        
        Shahdara Branch Shahdara Branch 10/08/2018 BPPD/PUB 0.00 1 250 LIH B-027314 14/10/2018   0.00 10/08/2018 English Books Dewey Decimal Classification Non-fiction 1 22/09/2018

© Delhi Public Library
Hit Counter
free hit counter